[Event "BL 2223 (Women)"]
[Site "Germany"]
[Date "2023.05.01"]
[Round "11.1"]
[White "Wagner, Dinara"]
[Black "Hess, Olena"]
[Result "1-0"]
[WhiteElo "2390"]
[BlackElo "2062"]
[PlyCount "47"]
[EventDate "2022.10.15"]
[EventType "team-tourn"]
[EventRounds "11"]
[EventCountry "GER"]
[SourceTitle "EXT 2024"]
[Source "ChessBase"]
[SourceDate "2023.10.10"]
[SourceVersion "1"]
[SourceVersionDate "2023.10.10"]
[SourceQuality "1"]
[WhiteTeam "Bad Koenigshofen (W)"]
[BlackTeam "Hemer (W)"]
[WhiteTeamCountry "GER"]
[BlackTeamCountry "GER"]

1. d4 d6 2. Nf3 Bg4 3. e4 Nf6 4. Nc3 e6 5. h3 Bh5 6. Qe2 c6 7. g4 Bg6 8. h4 h5 9. g5 Nfd7 10. d5 cxd5 11. exd5 e5 12. Bh3 Be7 13. Be3 a6 14. 0-0-0 Qc7 15. Nd2 b5 16. f4 Bxc2 17. Kxc2 b4 18. Qc4 Qxc4 19. Nxc4 bxc3 20. bxc3 f6 21. Rb1 exf4 22. Bxf4 Ne5 23. Bxe5 fxe5 24. Rb7 1-0

[Event "BL 2223 (Women)"]
[Site "Germany"]
[Date "2023.03.11"]
[Round "7.4"]
[White "Nebolsina, Vera"]
[Black "Hess, Olena"]
[Result "1-0"]
[WhiteElo "2237"]
[BlackElo "2062"]
[PlyCount "67"]
[EventDate "2022.10.15"]
[EventType "team-tourn"]
[EventRounds "11"]
[EventCountry "GER"]
[SourceTitle "CBM 213 Extra"]
[Source "ChessBase"]
[SourceDate "2023.05.31"]
[SourceVersion "1"]
[SourceVersionDate "2023.05.31"]
[SourceQuality "1"]
[WhiteTeam "Deizisau (W)"]
[BlackTeam "Hemer (W)"]
[WhiteTeamCountry "GER"]
[BlackTeamCountry "GER"]

1. e4 d6 2. d4 Nf6 3. Nc3 e5 4. Nf3 Nbd7 5. Bc4 Be7 6. 0-0 0-0 7. a4 c6 8. Qe2 exd4 9. Nxd4 Re8 10. a5 Bf8 11. a6 d5 12. axb7 Bxb7 13. Ba6 Qc8 14. Bxb7 Qxb7 15. Qa6 Qxa6 16. Rxa6 Nb8 17. Ra1 Nxe4 18. Na4 a5 19. Re1 Rd8 20. Bf4 Bd6 21. Bxd6 Nxd6 22. Nc5 Rc8 23. b4 Nc4 24. Nf5 Kf8 25. bxa5 g6 26. a6 gxf5 27. a7 Rd8 28. Reb1 Kg7 29. Rb7 Kg6 30. Rab1 Nd7 31. Nxd7 Nd6 32. Rb8 Nb5 33. Rxd8 Rxd8 34. Rxb5 1-0

[Event "BL 2223 (Women)"]
[Site "Germany"]
[Date "2023.02.18"]
[Round "5.4"]
[White "Hess, Olena"]
[Black "Ziegenfuss, Antonia"]
[Result "1/2-1/2"]
[WhiteElo "2062"]
[BlackElo "2144"]
[PlyCount "141"]
[EventDate "2022.10.15"]
[EventType "team-tourn"]
[EventRounds "11"]
[EventCountry "GER"]
[SourceTitle "CBM 213 Extra"]
[Source "ChessBase"]
[SourceDate "2023.05.31"]
[SourceVersion "1"]
[SourceVersionDate "2023.05.31"]
[SourceQuality "1"]
[WhiteTeam "Hemer (W)"]
[BlackTeam "Hamburger SK (W)"]
[WhiteTeamCountry "GER"]
[BlackTeamCountry "GER"]

1. Nf3 c5 2. c4 Nf6 3. d4 cxd4 4. Nxd4 e5 5. Nb5 d5 6. cxd5 Bc5 7. e3 0-0 8. N5c3 e4 9. Be2 Re8 10. Nd2 a6 11. Nb3 Bd6 12. Nd4 Nbd7 13. Nf5 Ne5 14. Nxd6 Qxd6 15. h3 b5 16. 0-0 b4 17. Na4 Bb7 18. b3 Nxd5 19. Bb2 Rad8 20. Qd4 Qg6 21. Qa7 Bc8 22. Bxe5 Rxe5 23. Kh2 Rg5 24. Rg1 Qf6 25. Raf1 Qd6+ 26. Kh1 Rf8 27. Qd4 Qh6 28. Kh2 Nf6 29. f4 Rd5 30. Qxb4 Bg4 31. Qe1 Rfd8 32. Nc3 Rh5 33. Qg3 Rh4 34. Rd1 Bd7 35. Rge1 Rc8 36. Nd5 Nxd5 37. Rxd5 Bc6 38. Rd2 Qf6 39. Red1 Rh6 40. Qg5 Re8 41. Qxf6 Rxf6 42. Rd6 Bb5 43. Bxb5 axb5 44. Rd8 Rf8 45. R1d4 Ra6 46. Rxf8+ Kxf8 47. Rxe4 Rxa2 48. Re5 b4 49. Re4 f5 50. Rxb4 Re2 51. Rb5 g6 52. Rb7 Rxe3 53. b4 Rb3 54. b5 Kg8 55. b6 Kh8 56. Kg1 Rb4 57. g3 h5 58. Kf2 h4 59. gxh4 Rxf4+ 60. Kg3 Rb4 61. Kf3 Kg8 62. Ke3 Kf8 63. Kd3 f4 64. Ke2 Rb3 65. Kf2 Ke8 66. Rb8+ Kf7 67. b7 Kg7 68. Kg2 Rg3+ 69. Kf2 Rb3 70. Kg2 Rg3+ 71. Kf2 1/2-1/2

[Event "BL 2223 (Women)"]
[Site "Germany"]
[Date "2022.10.15"]
[Round "1.3"]
[White "Khrapko, Marharyta"]
[Black "Hess, Olena"]
[Result "1-0"]
[WhiteElo "2128"]
[BlackElo "2062"]
[PlyCount "83"]
[EventDate "2022.10.15"]
[EventType "team-tourn"]
[EventRounds "11"]
[EventCountry "GER"]
[SourceTitle "EXT 2024"]
[Source "ChessBase"]
[SourceDate "2023.10.10"]
[SourceVersion "1"]
[SourceVersionDate "2023.10.10"]
[SourceQuality "1"]
[WhiteTeam "Bayern Muenchen (W)"]
[BlackTeam "Hemer (W)"]
[WhiteTeamCountry "GER"]
[BlackTeamCountry "GER"]

1. e4 d6 2. d4 Nf6 3. Nc3 e5 4. Nf3 Nbd7 5. Bc4 Be7 6. 0-0 0-0 7. Re1 c6 8. a4 Qc7 9. a5 Rb8 10. Nh4 g6 11. Nf3 Kg7 12. h3 b5 13. axb6 axb6 14. Ng5 h6 15. Nxf7 Rxf7 16. Bxh6+ Kxh6 17. Bxf7 Kg7 18. Be6 Nf8 19. Bxc8 Rxc8 20. d5 N8d7 21. dxc6 Qxc6 22. Ra7 Rc7 23. Rxc7 Qxc7 24. Nd5 Nxd5 25. Qxd5 Nf6 26. Qe6 Qd7 27. Qc4 Qb7 28. b4 b5 29. Qd3 Qc6 30. f3 Nh5 31. Qd2 Nf4 32. Kh2 Bg5 33. Qf2 Ne6 34. Ra1 Nd4 35. Ra7+ Kh6 36. h4 Bf4+ 37. g3 Bc1 38. Ra1 Bb2 39. Qd2+ Kg7 40. Ra7+ Kg8 41. Qh6 Nxf3+ 42. Kh1 1-0

[Event "GER-chT Federal Cup (Women)"]
[Site "Braunfels"]
[Date "2019.06.21"]
[Round "2.25"]
[White "Braeutigam, Irina"]
[Black "Hess, Olena"]
[Result "1/2-1/2"]
[WhiteElo "1973"]
[BlackElo "2097"]
[PlyCount "24"]
[EventDate "2019.06.20"]
[EventType "team-swiss"]
[EventRounds "5"]
[EventCountry "GER"]
[SourceTitle "CBM 191 Extra"]
[Source "ChessBase"]
[SourceDate "2019.09.30"]
[SourceVersion "1"]
[SourceVersionDate "2019.09.30"]
[SourceQuality "1"]

1. c4 d6 2. Nc3 c5 3. g3 Nc6 4. Bg2 g6 5. e3 Bg7 6. Nge2 Nf6 7. d4 cxd4 8. Nxd4 Bd7 9. Qd2 0-0 10. 0-0 Qb6 11. b3 Rfe8 12. Bb2 Qa5 1/2-1/2

[Event "GER-ch rapid (Women)"]
[Site "Erfurt"]
[Date "2017.07.29"]
[Round "5"]
[White "Hess, Olena"]
[Black "Rogozenco, Teodora Nana"]
[Result "1-0"]
[WhiteElo "2094"]
[BlackElo "2067"]
[PlyCount "81"]
[EventDate "2017.07.29"]
[EventType "swiss (rapid)"]
[EventRounds "9"]
[EventCountry "GER"]
[SourceTitle "EXT 2020"]
[Source "ChessBase"]
[SourceDate "2019.10.17"]
[SourceVersion "1"]
[SourceVersionDate "2019.10.17"]
[SourceQuality "1"]

1. Nf3 Nf6 2. c4 g6 3. Nc3 Bg7 4. e4 d6 5. d4 0-0 6. Be2 e5 7. 0-0 Nc6 8. d5 Ne7 9. Qc2 Nd7 10. Rd1 f5 11. Ng5 Nc5 12. b4 Nxe4 13. Ncxe4 fxe4 14. Qxe4 Nf5 15. Bg4 Nd4 16. Ne6 Nxe6 17. Bxe6+ Bxe6 18. dxe6 c6 19. Be3 Qe7 20. b5 Qxe6 21. bxc6 bxc6 22. Qxc6 Rfc8 23. Qxd6 Qxd6 24. Rxd6 Rxc4 25. Ra6 Rac8 26. g3 e4 27. Rd1 R8c7 28. Rd8+ Kf7 29. Ra8 Bd4 30. Bxd4 Rxd4 31. R8xa7 Rxa7 32. Rxa7+ Ke6 33. a4 Rd1+ 34. Kg2 Ra1 35. a5 Ra2 36. Kf1 e3 37. fxe3 Rxh2 38. a6 Ra2 39. Ra8 h5 40. a7 Kf7 41. Rh8 1-0

[Event "GER-chT Federal Cup (Women)"]
[Site "Braunfels"]
[Date "2016.05.29"]
[Round "5.2"]
[White "Hess, Olena"]
[Black "Jussupow, Nadejda"]
[Result "0-1"]
[WhiteElo "2050"]
[BlackElo "2099"]
[PlyCount "72"]
[EventDate "2016.05.26"]
[EventType "team-swiss"]
[EventRounds "5"]
[EventCountry "GER"]
[SourceTitle "EXT 2019"]
[Source "ChessBase"]
[SourceDate "2018.10.10"]
[SourceVersion "1"]
[SourceVersionDate "2018.10.10"]
[SourceQuality "1"]
[WhiteTeam "Nordrhein Westfalen (W)"]
[BlackTeam "Bayern (W)"]
[WhiteTeamCountry "GER"]
[BlackTeamCountry "GER"]

1. Nf3 g6 2. e4 Bg7 3. d4 d6 4. c4 e5 5. d5 Nd7 6. Nc3 Ne7 7. Be2 0-0 8. 0-0 h6 9. b4 f5 10. Nd2 f4 11. Bg4 Nf6 12. Bxc8 Rxc8 13. c5 Rf7 14. a4 g5 15. f3 Bf8 16. Nc4 Ng6 17. Ba3 b6 18. Nb5 Ra8 19. Qd3 a6 20. Nc3 dxc5 21. bxc5 Bxc5+ 22. Bxc5 bxc5 23. Na5 g4 24. Nc6 Qd6 25. Rab1 Rg7 26. Rb8+ Rxb8 27. Nxb8 c4 28. Qxc4 Qb6+ 29. Kh1 Qxb8 30. Qxa6 gxf3 31. gxf3 Qb2 32. Ne2 Nh4 33. Rg1 Rxg1+ 34. Kxg1 Nxf3+ 35. Kf1 Nd2+ 36. Ke1 Qb1+ 0-1

[Event "GER-chT Federal Cup (Women)"]
[Site "Braunfels"]
[Date "2015.06.07"]
[Round "5.2"]
[White "Hess, Olena"]
[Black "Rogozenco, Teodora Nana"]
[Result "1/2-1/2"]
[WhiteElo "2022"]
[BlackElo "2006"]
[PlyCount "113"]
[EventDate "2015.06.04"]
[EventType "team-swiss"]
[EventRounds "5"]
[EventCountry "GER"]
[SourceTitle "CBM 167 Extra"]
[Source "ChessBase"]
[SourceDate "2015.09.14"]
[SourceVersion "1"]
[SourceVersionDate "2015.09.14"]
[SourceQuality "1"]
[WhiteTeam "Nordrhein Westfalen (W)"]
[BlackTeam "Hamburg (W)"]
[WhiteTeamCountry "GER"]
[BlackTeamCountry "GER"]

1. Nf3 d6 2. d4 g6 3. c4 Bg7 4. e4 Bg4 5. d5 Nf6 6. Nc3 Nfd7 7. Qc2 Bxf3 8. gxf3 a5 9. Bg2 Na6 10. Be3 0-0 11. 0-0 Nac5 12. Ne2 e6 13. f4 Qh4 14. Rac1 Rfe8 15. b3 Rac8 16. a3 exd5 17. cxd5 Re7 18. b4 axb4 19. axb4 Na6 20. Rb1 Nf6 21. h3 Rce8 22. b5 Nc5 23. e5 Nfd7 24. b6 cxb6 25. exd6 Rxe3 26. fxe3 Rxe3 27. Qd2 Re8 28. Rb4 Qf6 29. Ng3 Qxd6 30. Rbb1 Bh6 31. Kh1 Nf6 32. Qb4 Nxd5 33. Qd4 Rd8 34. Rfd1 Bxf4 35. Ne4 Nxe4 36. Bxe4 Qe6 37. Bg2 Rd6 38. Re1 Qd7 39. Bxd5 Qxh3+ 40. Kg1 Bh2+ 41. Kf2 Bg3+ 42. Ke2 Bxe1 43. Rxe1 Qe6+ 44. Bxe6 Rxd4 45. Bc8 Re4+ 46. Kf2 Rxe1 47. Kxe1 b5 48. Bxb7 h5 49. Kd2 f5 50. Kc3 Kg7 51. Bc6 f4 52. Bxb5 g5 53. Kd4 g4 54. Ke4 g3 55. Bf1 h4 56. Kxf4 Kf6 57. Kg4 1/2-1/2

[Event "GER-chT Federal Cup (Women)"]
[Site "Braunfels"]
[Date "2015.06.06"]
[Round "4.2"]
[White "Hess, Olena"]
[Black "Leib, Britta"]
[Result "1-0"]
[WhiteElo "2022"]
[BlackElo "1787"]
[PlyCount "37"]
[EventDate "2015.06.04"]
[EventType "team-swiss"]
[EventRounds "5"]
[EventCountry "GER"]
[SourceTitle "CBM 167 Extra"]
[Source "ChessBase"]
[SourceDate "2015.09.14"]
[SourceVersion "1"]
[SourceVersionDate "2015.09.14"]
[SourceQuality "1"]
[WhiteTeam "Nordrhein Westfalen (W)"]
[BlackTeam "Schleswig Holstein (W)"]
[WhiteTeamCountry "GER"]
[BlackTeamCountry "GER"]

1. Nf3 g6 2. e4 d6 3. d4 Bg7 4. c4 Nf6 5. Nc3 c6 6. Be2 Nbd7 7. 0-0 0-0 8. Re1 Qc7 9. Bf1 e5 10. d5 Ne8 11. Rb1 c5 12. a3 h6 13. b4 f5 14. Nh4 Rf6 15. exf5 gxf5 16. Qh5 e4 17. Qxe8+ Rf8 18. Nb5 Qb6 19. Qe6+ 1-0

[Event "GER-chT Federal Cup (Women)"]
[Site "Braunfels"]
[Date "2015.06.05"]
[Round "2.2"]
[White "Vidonyak, Nellya"]
[Black "Hess, Olena"]
[Result "1/2-1/2"]
[WhiteElo "2132"]
[BlackElo "2022"]
[PlyCount "51"]
[EventDate "2015.06.04"]
[EventType "team-swiss"]
[EventRounds "5"]
[EventCountry "GER"]
[SourceTitle "CBM 167 Extra"]
[Source "ChessBase"]
[SourceDate "2015.09.14"]
[SourceVersion "1"]
[SourceVersionDate "2015.09.14"]
[SourceQuality "1"]
[WhiteTeam "Bayern (W)"]
[BlackTeam "Nordrhein Westfalen (W)"]
[WhiteTeamCountry "GER"]
[BlackTeamCountry "GER"]

1. b3 e5 2. Bb2 d6 3. g3 f5 4. Bg2 Nf6 5. c4 Be7 6. d3 0-0 7. Nc3 Nc6 8. Nf3 Kh8 9. 0-0 Be6 10. e3 Qc8 11. Re1 f4 12. exf4 exf4 13. Ng5 Bg4 14. f3 Bd7 15. gxf4 h6 16. Nd5 Bd8 17. Qd2 hxg5 18. fxg5 Nxd5 19. cxd5 Ne5 20. f4 Ng6 21. Re4 Bf5 22. Qe2 Qd7 23. Qh5+ Kg8 24. Rf1 Qf7 25. Re3 Ne7 26. Qf3 1/2-1/2

[Event "Rheinland Pfalz op 4th"]
[Site "Altenkirchen"]
[Date "2012.06.08"]
[Round "4"]
[White "Hoffmann, Thomas"]
[Black "Hess, Olena"]
[Result "1/2-1/2"]
[WhiteElo "1960"]
[BlackElo "2184"]
[PlyCount "55"]
[EventDate "2012.06.07"]
[EventType "swiss"]
[EventRounds "7"]
[EventCountry "GER"]
[SourceTitle "CBM 148 Extra"]
[Source "ChessBase"]
[SourceDate "2012.06.22"]
[SourceVersion "1"]
[SourceVersionDate "2012.06.22"]
[SourceQuality "1"]

1. Nc3 d6 2. d4 e5 3. dxe5 dxe5 4. Qxd8+ Kxd8 5. Bg5+ f6 6. 0-0-0+ Nd7 7. Be3 c6 8. f3 Kc7 9. Bf2 Nc5 10. e4 Be6 11. g3 Nh6 12. Bh3 Bxh3 13. Nxh3 Be7 14. Be3 Nf7 15. Rd2 Rhd8 16. Rhd1 Rxd2 17. Rxd2 b5 18. Nf2 b4 19. Ne2 a5 20. Nd3 Na4 21. b3 Nc3 22. Bc5 Nxe2+ 23. Rxe2 Re8 24. h4 Nd8 25. Bxe7 Rxe7 26. Nb2 Rd7 27. Nc4 Nb7 28. f4 1/2-1/2

[Event "Rheinland Pfalz op 4th"]
[Site "Altenkirchen"]
[Date "2012.06.07"]
[Round "2"]
[White "Mathisen, Runar"]
[Black "Hess, Olena"]
[Result "1/2-1/2"]
[WhiteElo "1956"]
[BlackElo "2184"]
[PlyCount "46"]
[EventDate "2012.06.07"]
[EventType "swiss"]
[EventRounds "7"]
[EventCountry "GER"]
[SourceTitle "CBM 148 Extra"]
[Source "ChessBase"]
[SourceDate "2012.06.22"]
[SourceVersion "1"]
[SourceVersionDate "2012.06.22"]
[SourceQuality "1"]

1. d4 d6 2. e4 Nf6 3. Nc3 e5 4. dxe5 dxe5 5. Qxd8+ Kxd8 6. Bg5 Be6 7. 0-0-0+ Kc8 8. g3 Bc5 9. f3 Nbd7 10. Bh3 Bxh3 11. Nxh3 c6 12. Rhf1 h6 13. Bd2 b5 14. Nf2 Kc7 15. Nd3 Bd6 16. h4 Nb6 17. b3 b4 18. Na4 Nxa4 19. bxa4 Nd7 20. Nb2 Bc5 21. f4 f6 22. a5 Rhe8 23. Nc4 Re7 1/2-1/2

[Event "BL2 West 0708 (Women)"]
[Site "Germany"]
[Date "2007.12.01"]
[Round "3.2"]
[White "Krasnopeyeva, Julia"]
[Black "Hess, Olena"]
[Result "0-1"]
[WhiteElo "1940"]
[BlackElo "2181"]
[PlyCount "92"]
[EventDate "2007.11.10"]
[EventType "team-tourn"]
[EventRounds "7"]
[EventCountry "GER"]
[SourceTitle "EXT 2009"]
[Source "ChessBase"]
[SourceDate "2008.11.26"]
[SourceVersion "1"]
[SourceVersionDate "2008.11.26"]
[SourceQuality "1"]
[WhiteTeam "Schott Mainz (W) II"]
[BlackTeam "Walldorf (W)"]
[WhiteTeamCountry "GER"]
[BlackTeamCountry "GER"]

1. e4 d6 2. d4 Nf6 3. Nc3 e5 4. Nf3 Nbd7 5. Be3 Be7 6. h3 0-0 7. Qd2 c6 8. Bd3 b5 9. 0-0 Bb7 10. a3 Re8 11. dxe5 dxe5 12. b4 Qc7 13. Nh2 a6 14. g4 c5 15. bxc5 Nxc5 16. Bxc5 Qxc5 17. g5 Nh5 18. Ne2 Rad8 19. Qc1 f6 20. gxf6 Bxf6 21. Ng4 Bh4 22. Qe3 Qe7 23. Ng3 Nf4 24. Nf5 Qg5 25. Kh2 Nxd3 26. Nxh4 Qxh4 27. cxd3 h5 28. Nh6+ gxh6 29. Qb6 Qf4+ 30. Kh1 Qf3+ 31. Kh2 Qf4+ 32. Kh1 Qf7 33. f4 Rxd3 34. Qxh6 Bxe4+ 35. Kh2 Rd2+ 36. Kg3 Qg7+ 37. Qxg7+ Kxg7 38. Kh4 Bg2 39. Rfe1 e4 40. Rac1 Kf6 41. Re3 Rd3 42. Rg3 Rxg3 43. Kxg3 Bf3 44. Kf2 a5 45. Rb1 Rb8 46. Ke3 b4 0-1

[Event "Oberliga NRW 0708"]
[Site "Germany"]
[Date "2007.11.04"]
[Round "3.8"]
[White "Hess, Olena"]
[Black "Niermann, Rainer"]
[Result "1/2-1/2"]
[WhiteElo "2181"]
[BlackElo "2125"]
[PlyCount "73"]
[EventDate "2007.09.16"]
[EventType "team-tourn"]
[EventRounds "9"]
[EventCountry "GER"]
[SourceTitle "EXT 2009"]
[Source "ChessBase"]
[SourceDate "2008.11.26"]
[SourceVersion "1"]
[SourceVersionDate "2008.11.26"]
[SourceQuality "1"]
[WhiteTeam "Betzdorf Kirchen"]
[BlackTeam "Muenster"]
[WhiteTeamCountry "GER"]
[BlackTeamCountry "GER"]

1. Nf3 c5 2. c4 Nf6 3. Nc3 Nc6 4. d4 cxd4 5. Nxd4 d5 6. cxd5 Nxd5 7. Nxc6 bxc6 8. Qa4 Bd7 9. Bd2 e6 10. e4 Nf6 11. e5 Nd5 12. Qg4 Qb6 13. Rb1 Nb4 14. Rc1 Nd5 15. Na4 Qb8 16. Qg3 g6 17. Be2 Bb4 18. Nc3 Nxc3 19. Bxc3 Qb6 20. 0-0 0-0 21. Rfd1 Bxc3 22. Qxc3 Rfd8 23. Rd4 Be8 24. Rc4 Rab8 25. b3 Rd5 26. Bf3 Ra5 27. Rc2 Qb5 28. Rc5 Qxc5 29. Qxc5 Rxc5 30. Rxc5 Rb5 31. Rxb5 cxb5 32. Kf1 f6 33. exf6 Kf7 34. Ke2 Kxf6 35. Kd3 Ke5 36. Kc3 a5 37. g3 1/2-1/2

[Event "Oberliga NRW 0708"]
[Site "Germany"]
[Date "2007.09.16"]
[Round "1.8"]
[White "Hess, Olena"]
[Black "Raasch, Joerg"]
[Result "0-1"]
[WhiteElo "2181"]
[BlackElo "2288"]
[PlyCount "80"]
[EventDate "2007.09.16"]
[EventType "team-tourn"]
[EventRounds "9"]
[EventCountry "GER"]
[SourceTitle "EXT 2009"]
[Source "ChessBase"]
[SourceDate "2008.11.26"]
[SourceVersion "1"]
[SourceVersionDate "2008.11.26"]
[SourceQuality "1"]
[WhiteTeam "Betzdorf Kirchen"]
[BlackTeam "KKS"]
[WhiteTeamCountry "GER"]
[BlackTeamCountry "GER"]

1. Nf3 Nf6 2. c4 e6 3. Nc3 d5 4. d4 Be7 5. Bg5 0-0 6. e3 h6 7. Bh4 b6 8. cxd5 exd5 9. Rc1 Bb7 10. Be2 Nbd7 11. 0-0 Ne4 12. Bxe7 Qxe7 13. Qb3 Ndf6 14. Rfd1 Nxf2 15. Kxf2 Ng4+ 16. Kg3 Nxe3 17. Rd2 Nf5+ 18. Kf2 Qe3+ 19. Ke1 Rfe8 20. Nd1 Qf4 21. Qc3 Ba6 22. Rcc2 c5 23. dxc5 d4 24. Nxd4 Qxh2 25. Kf2 Qh4+ 26. Kg1 Qe1+ 27. Kh2 Nxd4 28. Qxd4 Bxe2 29. Nc3 Ba6 30. c6 Re5 31. Qf2 Rh5+ 32. Kg3 Qe5+ 33. Qf4 Rg5+ 34. Kf3 Rf5 35. Nd5 Rxf4+ 36. Nxf4 g5 37. Nd5 Rd8 38. c7 Rxd5 39. c8Q+ Bxc8 40. Rxc8+ Kg7 0-1

[Event "BL 0506 (Women)"]
[Site "Germany"]
[Date "2005.11.19"]
[Round "3"]
[White "Mai, Iris"]
[Black "Hess, Olena"]
[Result "1/2-1/2"]
[WhiteElo "2135"]
[BlackElo "2149"]
[PlyCount "136"]
[EventDate "2005.10.29"]
[EventType "team-tourn"]
[EventRounds "11"]
[EventCountry "GER"]
[SourceTitle "CBM 109 Extra"]
[Source "ChessBase"]
[SourceDate "2006.01.03"]
[SourceVersion "2"]
[SourceVersionDate "2006.01.03"]
[SourceQuality "1"]

1. d4 d6 2. Nf3 Bg4 3. Nbd2 e6 4. g3 Nf6 5. Bg2 d5 6. 0-0 Be7 7. c3 0-0 8. Ne5 Bf5 9. Qb3 Qc8 10. c4 c6 11. Re1 a5 12. a3 a4 13. Qa2 Nbd7 14. b4 axb3 15. Qxb3 Nxe5 16. dxe5 Nd7 17. cxd5 cxd5 18. Bb2 Nc5 19. Qb5 Qe8 20. Qxe8 Rfxe8 21. Bc3 Nd7 22. e4 dxe4 23. Nxe4 Rxa3 24. Rxa3 Bxa3 25. Nd6 Bxd6 26. exd6 Rc8 27. Bd4 Rc4 28. Be3 b6 29. Ra1 h6 30. Ra7 e5 31. Rc7 Rb4 32. Bc6 Rb1+ 33. Kg2 Nf8 34. Bd5 Rd1 35. Bxf7+ Kh7 36. Bxb6 Rxd6 37. Be3 Rd8 38. Bh5 Bg6 39. Bf3 e4 40. Bg4 Re8 41. h4 h5 42. Bh3 Kg8 43. g4 hxg4 44. Bxg4 Ne6 45. Rc6 Bf7 46. h5 Nf8 47. Kg3 Be6 48. Kf4 Bxg4 49. Kxg4 Nd7 50. Kf4 Kf7 51. Bd4 Nf6 52. Rc7+ Re7 53. Rxe7+ Kxe7 54. Bxf6+ Kxf6 55. Kg4 Kf7 56. Kf5 Kg8 57. Kxe4 Kh7 58. Kf5 Kg8 59. f4 Kh7 60. Kg5 Kg8 61. Kg6 Kf8 62. h6 gxh6 63. Kxh6 Kf7 64. Kg5 Kg7 65. Kf5 Kf7 66. Ke5 Ke7 67. f5 Kf7 68. f6 Kf8 1/2-1/2

[Event "BL 0506 (Women)"]
[Site "Germany"]
[Date "2005.10.29"]
[Round "1"]
[White "Jackova, Jana"]
[Black "Hess, Olena"]
[Result "0-1"]
[WhiteElo "2389"]
[BlackElo "2149"]
[PlyCount "74"]
[EventDate "2005.10.29"]
[EventType "team-tourn"]
[EventRounds "11"]
[EventCountry "GER"]
[SourceTitle "CBM 109 Extra"]
[Source "ChessBase"]
[SourceDate "2006.01.03"]
[SourceVersion "2"]
[SourceVersionDate "2006.01.03"]
[SourceQuality "1"]

1. e4 d6 2. d4 Nf6 3. Nc3 e5 4. Nf3 Nbd7 5. g3 Be7 6. Bg2 0-0 7. 0-0 c6 8. a4 b6 9. Re1 Bb7 10. b3 Qc7 11. Bb2 Rfe8 12. Qd2 a6 13. Rad1 b5 14. Qc1 Bf8 15. Qa1 b4 16. Nb1 c5 17. dxe5 Nxe4 18. Nh4 d5 19. f3 Nc3 20. Bxc3 bxc3 21. Qxc3 Nxe5 22. f4 d4 23. Rxd4 Bxg2 24. Kxg2 Ng6 25. Rde4 Nxh4+ 26. gxh4 Rxe4 27. Rxe4 Qc6 28. Qf3 Qg6+ 29. Kh3 Qf5+ 30. Kg2 Qg6+ 31. Kh1 Rd8 32. Nc3 Rd2 33. Re2 Rxc2 34. Rxc2 Qxc2 35. Nd5 h6 36. Nb6 Qb1+ 37. Kg2 Qg6+ 0-1

[Event "BL 0405 (Women)"]
[Site "Germany"]
[Date "2004.11.06"]
[Round "1.1"]
[White "Hess, Olena"]
[Black "Vajda, Szidonia"]
[Result "1/2-1/2"]
[WhiteElo "2155"]
[BlackElo "2362"]
[PlyCount "31"]
[EventDate "2004.11.06"]
[EventType "team-tourn"]
[EventRounds "11"]
[EventCountry "GER"]
[SourceTitle "EXT 2006"]
[Source "ChessBase"]
[SourceDate "2005.11.24"]
[SourceVersion "1"]
[SourceVersionDate "2005.11.24"]
[SourceQuality "1"]
[WhiteTeam "Mannheim (W)"]
[BlackTeam "Dresden SC (W)"]
[WhiteTeamCountry "GER"]
[BlackTeamCountry "GER"]

1. Nf3 d5 2. d4 e6 3. c4 c5 4. cxd5 exd5 5. Nc3 Nc6 6. Bg5 Be7 7. Bxe7 Ngxe7 8. dxc5 Qa5 9. e3 Qxc5 10. Be2 0-0 11. 0-0 Bg4 12. Nd4 Bxe2 13. Ncxe2 Rac8 14. Rc1 Qb6 15. Qd2 Rfd8 16. Rfd1 1/2-1/2

[Event "NRW Class1 0405"]
[Site "Germany"]
[Date "2004.10.10"]
[Round "1.6"]
[White "Matzat, Andre"]
[Black "Hess, Olena"]
[Result "1-0"]
[WhiteElo "2128"]
[BlackElo "2155"]
[PlyCount "89"]
[EventDate "2004.10.10"]
[EventType "team"]
[EventRounds "9"]
[EventCountry "GER"]
[SourceTitle "EXT 2006"]
[Source "ChessBase"]
[SourceDate "2005.11.24"]
[SourceVersion "1"]
[SourceVersionDate "2005.11.24"]
[SourceQuality "1"]
[WhiteTeam "Essen Borbeck"]
[BlackTeam "Betzdorf Kirchen"]
[WhiteTeamCountry "GER"]
[BlackTeamCountry "GER"]

1. Nf3 c5 2. c4 Nc6 3. d4 cxd4 4. Nxd4 g6 5. e4 Bg7 6. Be3 d6 7. Be2 Nf6 8. Nc3 0-0 9. 0-0 Nd7 10. Qd2 Nc5 11. f3 Bd7 12. Rfd1 a5 13. Nxc6 Bxc6 14. b3 Qb6 15. Rab1 Qb4 16. Rdc1 Rfc8 17. Rc2 Rd8 18. Qc1 Qb6 19. Qd2 Qb4 20. Qc1 Qb6 21. Bf1 Rdc8 22. a3 Qd8 23. Qd2 b6 24. Qf2 Rcb8 25. Nb5 Bd7 26. Nc3 Bc6 27. Nb5 Bd7 28. Nd4 Rc8 29. b4 axb4 30. axb4 Na4 31. Qd2 Rcb8 32. Nb5 Rc8 33. Nd4 Rcb8 34. Rb3 Rc8 35. Ra3 Rcb8 36. Rca2 Qe8 37. Qc2 Rc8 38. Qb3 b5 39. cxb5 Rc3 40. Qd1 Rxa3 41. Rxa3 Bxd4 42. Qxd4 Bxb5 43. Bh6 e5 44. Qxd6 Bxf1 45. Qf6 1-0